| 000 | 00609nam a2200241 a 4500 | ||
|---|---|---|---|
| 001 | nice12345678 | ||
| 003 | IN_TiNIC | ||
| 005 | 20260116014348.0 | ||
| 008 | 100412s1987 usaa grp 000 0 eng | ||
| 020 |
_a9781565631670 _c879 |
||
| 082 | 0 | 0 |
_a296.09 _bWHI1 |
| 100 | _aWhiston, William | ||
| 245 |
_aThe Works of JOSEPHUS _b Complete and Unabridged |
||
| 260 |
_aUSA _bHendrickson Pubs _c1987 |
||
| 300 | _a926p | ||
| 500 | _aincludes index and biblioraphy | ||
| 505 | 2 | _aIndex | |
| 650 | _aJudaism-History | ||
| 700 | 1 | _aWhiston, William | |
| 902 | _bSRS | ||
| 942 | _cBK | ||
| 999 |
_c14987 _d14987 |
||